[Event "GER-ch Net blitz qual1"]
[Site "Playchess.com INT"]
[Date "2021.04.24"]
[Round "3"]
[White "Albert, Gerhard"]
[Black "Marcziter, Dmitrii"]
[Result "0-1"]
[WhiteElo "1823"]
[BlackElo "2108"]
[PlyCount "76"]
[EventDate "2021.04.24"]
[EventType "swiss (blitz)"]
[EventRounds "11"]
[EventCountry "GER"]
[SourceTitle "CBM 202 Extra"]
[Source "ChessBase"]
[SourceDate "2021.07.31"]
[SourceVersion "1"]
[SourceVersionDate "2021.07.31"]
[SourceQuality "1"]

1. e4 c5 2. Nf3 a6 3. d4 cxd4 4. Nxd4 Nf6 5. Nc3 d6 6. Bd3 e5 7. Nf3 Be7 8. 0-0 0-0 9. Kh1 b5 10. h3 b4 11. Ne2 Bb7 12. Ng3 Nbd7 13. Qe2 Nc5 14. Be3 Rc8 15. Bxc5 Rxc5 16. Nf5 Re8 17. Nxe7+ Qxe7 18. Bxa6 Bxa6 19. Qxa6 Rxc2 20. Qd3 Rxb2 21. Rfb1 Rxb1+ 22. Rxb1 d5 23. Qb5 dxe4 24. Nd2 Qe6 25. Rxb4 Rd8 26. Nxe4 Nd5 27. Rb2 h6 28. Nc5 Qf5 29. f3 Nf4 30. Qb6 Rd1+ 31. Kh2 Ng6 32. Rb4 Qc2 33. Rb2 Qc1 34. Qb8+ Kh7 35. Na6 Rh1+ 36. Kg3 Qe1+ 37. Kg4 Qh4+ 38. Kf5 Qf4# 0-1

[Event "DSOL 05 Liga Gr-B 1st"]
[Site "Playchess.com INT"]
[Date "2020.07.07"]
[Round "3.3"]
[White "Albert, Gerhard"]
[Black "Schaefer, Kai"]
[Result "1-0"]
[WhiteElo "1731"]
[BlackElo "1494"]
[PlyCount "83"]
[EventDate "2020.06.22"]
[EventType "team-tourn (rapid)"]
[EventCountry "GER"]
[SourceTitle "EXT 2021"]
[Source "ChessBase"]
[SourceDate "2020.10.23"]
[SourceVersion "1"]
[SourceVersionDate "2020.10.23"]
[SourceQuality "1"]
[WhiteTeam "Hameln II"]
[BlackTeam "Ketsch II"]
[WhiteTeamCountry "GER"]
[BlackTeamCountry "GER"]

1. e4 e5 2. Nf3 Nc6 3. Nc3 d6 4. Bc4 Be7 5. h3 Bd7 6. 0-0 f5 7. d4 fxe4 8. Nxe4 Na5 9. Be2 Bc6 10. d5 Bd7 11. b4 Nf6 12. Nxf6+ Bxf6 13. Bb2 Nc6 14. dxc6 Bxc6 15. b5 Bd7 16. a4 0-0 17. Nh2 Qe8 18. Bc4+ Kh8 19. Ng4 Bg5 20. Bd3 Qf7 21. Qe2 Rae8 22. Bc1 Bf6 23. Qe4 g6 24. Bh6 Bg7 25. Bxg7+ Kxg7 26. Bc4 Qe7 27. Be2 c6 28. c4 Rf4 29. Qe3 Ref8 30. f3 Qh4 31. Nf2 R8f5 32. Bd3 Rg5 33. Ne4 Rxg2+ 34. Kxg2 Qxh3+ 35. Kf2 Bg4 36. Be2 d5 37. Rh1 Qxf3+ 38. Bxf3 Rxf3+ 39. Qxf3 Bxf3 40. Kxf3 dxe4+ 41. Kxe4 cxb5 42. axb5 1-0

[Event "GER Cup Net Final-B U2000"]
[Site "Playchess.com INT"]
[Date "2020.06.06"]
[Round "2"]
[White "Mueller, Achim2222"]
[Black "Albert, Gerhard"]
[Result "1-0"]
[WhiteElo "1841"]
[BlackElo "1655"]
[PlyCount "83"]
[EventDate "2020.06.06"]
[EventType "swiss (blitz)"]
[EventRounds "13"]
[EventCountry "GER"]
[SourceTitle "CBM 197 Extra"]
[Source "ChessBase"]
[SourceDate "2020.09.30"]
[SourceVersion "1"]
[SourceVersionDate "2020.09.30"]
[SourceQuality "1"]

1. e4 e5 2. Nf3 Nf6 3. Nxe5 Nxe4 4. Qe2 Qe7 5. Qxe4 d6 6. d4 dxe5 7. dxe5 Nc6 8. Bb5 Bd7 9. 0-0 0-0-0 10. Bf4 g5 11. Bg3 f5 12. Qa4 a6 13. Bxa6 bxa6 14. Qxa6+ Kb8 15. f4 Qb4 16. fxg5 Bc5+ 17. Kh1 Qxb2 18. Nd2 Bb6 19. Rab1 Qxc2 20. e6 Qc5 21. Rxb6+ Qxb6 22. Qxb6+ Ka8 23. Qxc7 Rc8 24. Qxd7 Rhd8 25. Qxh7 Rxd2 26. Qxf5 Rcd8 27. h4 R2d5 28. Qf3 Nd4 29. Qe4 Nc6 30. Rc1 Ne7 31. Rd1 Ka7 32. Rxd5 Rxd5 33. Qa4+ Kb6 34. Qb4+ Kc6 35. Qxe7 Rd1+ 36. Kh2 Rd4 37. g6 Re4 38. g7 Kd5 39. g8Q Kd4 40. Qgd8+ Ke3 41. Qc5+ Ke2 42. Qf2# 1-0

[Event "GER Cup Net Final-B U2000"]
[Site "Playchess.com INT"]
[Date "2020.06.06"]
[Round "9"]
[White "Rempe, Jonas"]
[Black "Albert, Gerhard"]
[Result "0-1"]
[WhiteElo "1711"]
[BlackElo "1655"]
[PlyCount "41"]
[EventDate "2020.06.06"]
[EventType "swiss (blitz)"]
[EventRounds "13"]
[EventCountry "GER"]
[SourceTitle "CBM 197 Extra"]
[Source "ChessBase"]
[SourceDate "2020.09.30"]
[SourceVersion "1"]
[SourceVersionDate "2020.09.30"]
[SourceQuality "1"]

1. e4 e5 2. Nf3 Nf6 3. Nxe5 Nxe4 4. Qe2 Qe7 5. d4 d6 6. Qxe4 dxe5 7. Qxe5 Qxe5+ 8. dxe5 Bf5 9. c3 Nd7 10. Nd2 Nxe5 11. Be2 0-0-0 12. 0-0 Bc5 13. Nb3 Bb6 14. Be3 Bxe3 15. fxe3 Bg6 16. Nd4 f6 17. Ne6 Rd7 18. Rad1 Re7 19. Nd4 Kb8 20. Nf3 Ng4 21. Bd3 0-1

[Event "GER Cup Net V3 U2000"]
[Site "Playchess.com INT"]
[Date "2020.05.27"]
[Round "9"]
[White "Cordes, Jule Johanne"]
[Black "Albert, Gerhard"]
[Result "1-0"]
[WhiteElo "1689"]
[BlackElo "1667"]
[PlyCount "87"]
[EventDate "2020.05.27"]
[EventType "swiss (blitz)"]
[EventRounds "9"]
[EventCountry "GER"]
[SourceTitle "EXT 2021"]
[Source "ChessBase"]
[SourceDate "2020.10.23"]
[SourceVersion "1"]
[SourceVersionDate "2020.10.23"]
[SourceQuality "1"]

1. d4 d5 2. c4 e6 3. Nc3 Nf6 4. Nf3 Be7 5. Bg5 0-0 6. e3 b6 7. cxd5 Nxd5 8. Bxe7 Nxe7 9. Be2 Bb7 10. 0-0 Nd7 11. Rc1 Rc8 12. Qc2 Nf6 13. Nd2 Ned5 14. Nxd5 Nxd5 15. Bd3 h6 16. Nf3 c5 17. dxc5 Rxc5 18. Qb1 Qd6 19. Nd4 Rfc8 20. Nb3 R5c7 21. Rc2 Nb4 22. Rxc7 Rxc7 23. Be4 Bxe4 24. Qxe4 Nxa2 25. Qa4 Nb4 26. Nd4 Nd5 27. Nb5 Qc6 28. Qb3 Rb7 29. Nd4 Qe8 30. Rc1 g6 31. Qa3 Qd7 32. Nb5 Qxb5 33. Rc8+ Kg7 34. Qf8+ Kf6 35. Qh8+ Ke7 36. Qf8+ Kf6 37. Qh8+ Kg5 38. Qe5+ f5 39. h4+ Kh5 40. g4+ Kxg4 41. Qg3+ Kh5 42. Rg8 Ne7 43. Rh8 Qd5 44. Qg5# 1-0

[Event "GER Cup Net V2 U2000"]
[Site "Playchess.com INT"]
[Date "2020.05.22"]
[Round "6"]
[White "Albert, Gerhard"]
[Black "Stangl, Anita"]
[Result "1-0"]
[WhiteElo "1684"]
[BlackElo "1785"]
[PlyCount "65"]
[EventDate "2020.05.22"]
[EventType "swiss (blitz)"]
[EventRounds "9"]
[EventCountry "GER"]
[SourceTitle "EXT 2021"]
[Source "ChessBase"]
[SourceDate "2020.10.23"]
[SourceVersion "1"]
[SourceVersionDate "2020.10.23"]
[SourceQuality "1"]

1. e4 e6 2. d4 d5 3. Nc3 Nf6 4. Bg5 Be7 5. e5 Nfd7 6. h4 Bxg5 7. hxg5 Qxg5 8. Nh3 Qd8 9. Qg4 g6 10. Nf4 Nf8 11. 0-0-0 a6 12. Nh5 Nfd7 13. Nf4 h5 14. Qg3 Nf8 15. Kb1 Nbd7 16. Bd3 c5 17. Qe3 cxd4 18. Qxd4 Qb6 19. Qa4 Qxf2 20. Rhf1 Qc5 21. Nfe2 Rb8 22. Qb3 b5 23. Rde1 Nxe5 24. Nf4 Nxd3 25. Nxd3 Qc4 26. Qa3 Kd7 27. Ne5+ Kc7 28. Nxc4 bxc4 29. Rxf7+ Nd7 30. Qc5+ Kd8 31. Qe7+ Kc7 32. Qxe6 Rb6 33. Nxd5+ 1-0

[Event "Niedersachsen-ch Seniors"]
[Site "Lehrte"]
[Date "2019.07.24"]
[Round "5"]
[White "Albert, Gerhard"]
[Black "Kempin, Ingwald"]
[Result "1-0"]
[WhiteElo "1731"]
[BlackElo "1590"]
[PlyCount "63"]
[EventDate "2019.07.20"]
[EventType "swiss"]
[EventRounds "7"]
[EventCountry "GER"]
[SourceTitle "EXT 2023"]
[Source "ChessBase"]
[SourceDate "2022.10.05"]
[SourceVersion "1"]
[SourceVersionDate "2022.10.05"]
[SourceQuality "1"]

1. e4 c5 2. c3 d6 3. d4 cxd4 4. cxd4 Nf6 5. Nc3 g6 6. Nf3 Bg7 7. Bd3 0-0 8. 0-0 Bg4 9. Be3 Nc6 10. Rc1 Rc8 11. h3 Bxf3 12. Qxf3 a6 13. Qd1 e5 14. d5 Ne7 15. Qb3 b5 16. a4 bxa4 17. Qxa4 Nd7 18. Qxa6 Nc5 19. Bxc5 Rxc5 20. Nb5 Rxc1 21. Rxc1 Nc8 22. Rc6 f5 23. Nxd6 Nxd6 24. Rxd6 Qh4 25. Qb6 fxe4 26. Bf1 e3 27. Qxe3 e4 28. g3 Qh5 29. Qxe4 Be5 30. Re6 Bb8 31. Re8 Qg5 32. Qe6+ 1-0

[Event "GER Seniors Derby 17th"]
[Site "Wesel Undeloh"]
[Date "2018.03.16"]
[Round "3"]
[White "Gerlach, Andreas"]
[Black "Albert, Gerhard"]
[Result "0-1"]
[WhiteElo "1595"]
[BlackElo "1849"]
[PlyCount "43"]
[EventDate "2018.03.15"]
[EventType "swiss"]
[EventRounds "7"]
[EventCountry "GER"]
[SourceTitle "EXT 2019"]
[Source "ChessBase"]
[SourceDate "2018.10.10"]
[SourceVersion "1"]
[SourceVersionDate "2018.10.10"]
[SourceQuality "1"]

1. c4 e6 2. g3 d5 3. cxd5 exd5 4. Bg2 Nf6 5. Nf3 Be7 6. 0-0 Nbd7 7. d4 0-0 8. Nc3 Re8 9. Bf4 c6 10. a3 Nf8 11. b4 Ng6 12. Bg5 h6 13. Bxf6 Bxf6 14. e3 a5 15. b5 cxb5 16. Nxb5 b6 17. Rc1 Re7 18. Rc3 Ba6 19. Qb3 Qd7 20. Rb1 Rb8 21. Nc7 Bc4 22. Rxc4 0-1